1243 1344 1757 1615 1300 1688 1906 1964 1491 1230 1676 1269 1195 1602 1906 1424 1406 1577 1973 1406 1787 1802 1184 1068 1216 1975 1033 1106 1599 1635 1668 1655 1828 1236 1423 1072 1736 1902 1639 1596 1269 1747 1814 1532 1562 1918 1226 1303 1804 1854 1181 1436 1801 1838 1308 1295 1003 1881 1896 1230 1580 1688 1721 1860 1530 1751 1641 1630 1525 1881 1901 1410 1218 1723 1704 1572 1101 1088 1250 1347 1663 1493 1285 1745 1590 1643 1802 1396 1344 1134 1071 1331 1967 1996 1368 1998 1441 1334 1613 BCNSPRNW ULIB Ver.6.0+V

เปลี่ยนเป็นภาษาไทย

Change to English
 แสดงรายละเอียดบรรณานุกรม
  กลับหน้าหลัก

Brief Record : Get Marc (ISO 2709) : E-mail record : QR code < ปิดหน้าต่าง
LEADER : 00000nam 2200000uu 4500
001    13399120893
003     ULIB
008    121024s2552||||th 000 0 tha d
020    ^a9789742355968
050 04 ^aDS555.382^bศ161ค 2552
100 0  ^aศรัทธา ลาภวัฒนเจริญ
245 10 ^aคู่มือเที่ยวลาว 3 มิติ ด้วยเงิน 6,000 :^bLaos paradize /^cศรัทธา ลาภวัฒนเจริญ
260    ^aกรุงเทพ ฯ :^bRomantic tripper,^c2552
300    ^a128 หน้า :^bภาพประกอบ
650  7 ^aลาว^xภูมิประเทศและการท่องเที่ยว
653    ^aอาเซียน
945    ^p139^l0^i17794
995    ^aกัณชพร
999 ^a ใช้งานได้ทุกระบบ
รายการนี้ยังไม่มีแท็ก
คุณยังไม่ได้ล็อกอิน คุณสามารถมีกิจกรรมร่วมกับเว็บไซต์ได้ แต่ต้องล็อกอินก่อน ::
  ล็อกอิน

รายการสื่อสารสนเทศ

ลำดับที่ ประเภท เลขเรียก/บาร์โค้ด สถานที่ สถานะ
1. วิทยาศาสตร์การแพทย์ และสุขภาพ
วิทยาศาสตร์การแพทย์ และสุขภาพ
DS555.382 ศ161ค 2552  
  Barcode: 17794
ห้องสมุดวิทยาเขตสวรรค์ประชารักษ์
►หนังสือทั่วไป
บนชั้น

รายการใกล้เคียง
    ผู้แต่ง [ศรัทธา ลาภวัฒนเจริญ]

BibComment


ยังไม่เคยถูกคอมเมนท์

คอมเมนท์ทรัพยากรรายการนี้
  คอมเมนท์: คู่มือเที่ยวลาว ..


 Copyright 2026. Bcnsprnw @Library